2024-25 CFB Top 10 Offenses - Statistics

General Stats
  • This quiz has been taken 7 times
  • The average score is 2 of 10
Answer Stats
Rank Conference Team % Correct
8 Mountain West Boise State
50%
1 ACC Miami
50%
3 American North Texas
25%
2 SEC Ole Miss
25%
10 SEC Arkansas
0%
4 Mountain West New Mexico
0%
7 ACC Syracuse
0%
5 Sun Belt Texas State
0%
9 Big 12 Texas Tech
0%
6 Mountain West Utah State
0%
No matching quizzes found
Score Distribution
Percent of People with Each Score
Percentile by Number Answered
Your Score History
You have not taken this quiz